Evaluation of stress distribution in maxillary incisors during intrusion with clear aligners and self ligating brackets in a periodontally compromised patient (Record no. 27128)

MARC details
000 -LEADER
fixed length control field 00431nam a22001337a 4500
003 - CONTROL NUMBER IDENTIFIER
control field SGT
082 ## - DEWEY DECIMAL CLASSIFICATION NUMBER
Classification number 617.643
Item number E24P
100 ## - MAIN ENTRY--PERSONAL NAME
Personal name Ekta
245 ## - TITLE STATEMENT
Title Evaluation of stress distribution in maxillary incisors during intrusion with clear aligners and self ligating brackets in a periodontally compromised patient
Remainder of title A finite element study
260 ## - PUBLICATION, DISTRIBUTION, ETC. (IMPRINT)
Name of publisher, distributor, etc SGT University
Year of Publication 2024
300 ## - PAGE DESCRIPTION
No. of Pages 61
650 ## - SUBJECT ADDED ENTRY--TOPICAL TERM
Topical term or geographic name as entry element Orthodontics
942 ## - ADDED ENTRY ELEMENTS (KOHA)
Source of classification or shelving scheme Dewey Decimal Classification
Koha item type Thesis/Dissertation
Holdings
Withdrawn status Lost status Source of classification or shelving scheme Damaged status Not for loan Home library Current library Shelving location Date acquired SGTU Full call number Accession No. (Barcode) Date last seen Bill Date Koha item type
    Dewey Decimal Classification   Not For Loan SGT Dental Library SGT Dental Library Reference Book 07/10/2024 SGTU 617.643 E24P DT2096 07/10/2024 07/10/2024 Thesis/Dissertation